Engineering fluid Mechanics (Record no. 74)
[ view plain ]
| 000 -LEADER | |
|---|---|
| Fixed length control field | 00512nam a2200193 4500 |
| 003 - CONTROL NUMBER IDENTIFIER | |
| Control field | SEACOMMC |
| 005 - DATE AND TIME OF LATEST TRANSACTION | |
| Control field | 20231010083553.0 |
| 008 - FIXED-LENGTH DATA ELEMENTS--GENERAL INFORMATION | |
| Fixed length control field | 231010b |||||||| |||| 00| 0 eng d |
| 020 ## - INTERNATIONAL STANDARD BOOK NUMBER / ISBN | |
| Price | Rs. 340.00 |
| 040 ## - CATALOGING SOURCE | |
| Original cataloging agency | SEACOMMC |
| 082 ## - DEWEY DECIMAL CLASSIFICATION NUMBER | |
| Classification number | 620.106 |
| Book Number | GAR |
| 100 1# - MAIN ENTRY--PERSONAL NAME | |
| Personal name | Garde, R.J. |
| 245 1# - TITLE STATEMENT | |
| Title | Engineering fluid Mechanics |
| Statement of responsibility | R.J. Garde and A.G. Mirajgaoker |
| 260 ## - IMPRINT | |
| Place of publication | Chennai |
| Name of publisher | Scitech |
| Date of publication | 2005 |
| 650 ## - SUBJECT ADDED ENTRY--TOPICAL TERM | |
| Topical term | Engineering |
| 650 ## - SUBJECT ADDED ENTRY--TOPICAL TERM | |
| Topical term | Engineering mechanics and materials |
| 700 1# - ADDED ENTRY--PERSONAL NAME | |
| Personal name | Mirajgaoker, A.G. |
| 942 ## - ADDED ENTRY ELEMENTS (KOHA) | |
| Koha item type | Books |
| Withdrawn status | Lost status | Source of classification | Damaged status | Not for loan | Home library | Current library | Date acquired | Total Checkouts | Call number | Accession number | Date last seen | Price effective from | Koha item type |
|---|---|---|---|---|---|---|---|---|---|---|---|---|---|
| Dewey Decimal Classification | SEACOM MANAGEMENT COLLEGE | SEACOM MANAGEMENT COLLEGE | 22/07/2006 | 620.106 GAR | 04104 | 10/10/2023 | 10/10/2023 | Books |
